000
00228nam a2200097Ia 4500
008
170619s9999 xx 000 0 und d
100
_a
GUPTA B.R
245
0
_a
POWER SYSTEM ANALYSIS AND DESIGN
260
_b
Wheeler Pub.
260
_c
1999
546
_a
ENGLISH
999
_c
19123
_d
19123